Shi nan ren, du ai "jia hou xing" ti tie nu : rang nan ren si xin ta di ai ni yi bei zi de mi mi (Chinese) = What you can do to make him love you
| Main Author: | |
|---|---|
| Format: | Book |
| Published: |
Shulin :
Tai yang shi ,
2006
|
| Subjects: |
MARC
| LEADER | 00000cam a2200000 7i4500 | ||
|---|---|---|---|
| 001 | 0000027086 | ||
| 005 | 20090813.0 | ||
| 008 | 090813 | ||
| 020 | |a 9574705013 | ||
| 090 | 0 | 0 | |a 544.7 |b LUO |
| 100 | 1 | |a Luo, Fuman | |
| 245 | 1 | 0 | |a Shi nan ren, du ai "jia hou xing" ti tie nu : |b rang nan ren si xin ta di ai ni yi bei zi de mi mi (Chinese) = What you can do to make him love you |c Luo fuman zhu |
| 260 | |a Shulin : |b Tai yang shi , |c 2006 | ||
| 650 | 0 | |a Man |x Women relationship | |
| 999 | |a 0001037245 |b Book |c Chinese Collection |e Perbadanan Perpustakaan Awam Johor | ||